| 000 | 01262 am a2200337ua 4500 | ||
|---|---|---|---|
| 999 |
_c2021 _d2021 |
||
| 001 | 011165231 | ||
| 003 | OSt | ||
| 005 | 20230228165947.0 | ||
| 008 | 020131s1997 enk || 000 ||eng | ||
| 015 |
_aGB9776484 _2bnb |
||
| 020 | _a9781900251235 (pbk) | ||
| 035 | _a(UkCU)c899707641 | ||
| 040 |
_aUkCU _dUk _dKH8 _cSTD |
||
| 082 | _a920 SHA | ||
| 100 | 1 |
_aShah-Kazemi, Reza. _eAuthor |
|
| 245 | 1 | 0 |
_aAvicenna : _bprince of physicians / _cwritten by Reza Shah-Kazemi & illustrated by Fatima Zahra Hassan. |
| 260 |
_aLondon : _bHood Hood Books, _c[1997] |
||
| 300 |
_a21p. ; _c20cm.x. |
||
| 336 |
_atext _2rdacontent |
||
| 337 |
_aunmediated _2rdamedia |
||
| 338 |
_avolume _2rdacarrier |
||
| 490 | 1 | _aHeroes from the East | |
| 600 | 0 | 4 |
_aAvicenna, _d980-1037 _xJuvenile literature. |
| 650 | _aChildren's story | ||
| 830 | 0 | _aHeroes from the East | |
| 886 | 2 |
_2ukmarc _a900 _b10 _aKazemi _hReza Shah- _xSee _aShah-Kazemi, Reza _z100 |
|
| 886 | 2 |
_2ukmarc _a900 _b00 _aHusain ibn ʿAbd Allāh _xSee _aAvicenna, _x980-1037 _z600 |
|
| 886 | 2 |
_2ukmarc _a900 _b10 _aIbn Sīnā _hAbū ʿAlī al-Ḥusayn ibn ʿAbd Allāh _xSee _aAvicenna, _x980-1037 _z600 |
|
| 886 | 2 |
_2ukmarc _a900 _b00 _aal-Ḥusayn ibn ʿAbd Allāh ibn Sīnā _xSee _aAvicenna, _x980-1037 _z600 |
|
| 942 |
_2ddc _cNFIC |
||